|
|
|
|
| LEADER |
00699 a2200181 4500 |
| 008 |
160309b xxu||||| |||| 00| 0 eng d |
| 020 |
|
|
|a 9788120343733
|
| 082 |
|
|
|a 370.721
|
| 100 |
|
|
|a Creswell, John W.
|
| 245 |
|
|
|a Educational research :
|b planning, conducting, and evaluating quantitative and qualitative research /
|c John W. Creswell.
|
| 250 |
|
|
|a 4th ed.
|
| 260 |
|
|
|c 2014.
|b PHI Learning,
|a Delhi :
|
| 300 |
|
|
|a xxii, 650p. ;
|c 26 cm.
|
| 650 |
|
|
|a Education
|x Research
|x Methodology
|
| 650 |
|
|
|a Education
|x Research
|
| 942 |
|
|
|2 ddc
|c BK
|
| 999 |
|
|
|c 106421
|d 106421
|
| 952 |
|
|
|0 0
|1 0
|4 0
|6 370_721000000000000_CRE_E
|7 0
|9 110049
|a UL
|b UL
|c REF
|d 2015-03-17
|e 2
|g 452.20
|l 0
|o 370.721 CRE/E
|p 93514
|r 2015-06-09
|v 595.00
|y TXT
|